000 01070nam a22003377a 4500
001 000643
003 DO-SdBPM
005 20260430095712.0
007 ta
008 161107b2007 uy a |||| 00| 0 spa d
020 _a9789870403272
020 _a9870403271
040 _aDO-SdBPM
_bspa
_cBPMSU
_erda
082 0 4 _aA861.6
_bB736d 2007
_222
100 1 _aBornemann, Elsa
_d1952-2013.
_eautora
_4aut.
245 1 0 _aDisparatario :
_b55 versicuentos y 1 cuento de amor disparatado /
_cElsa Bornemann ; ilustraciones de O'Kif.
250 _a
264 _aUruguay :
_bAlfaguara,
_c2007.
300 _a120 páginas :
_bilustraciones ;
_c20 cm.
336 _atexto
_btxt
_2rdacontent
337 _asin mediación
_bn
_2rdamedia
338 _avolumen
_bnc
_2rdacarrier
490 0 _aAlfaguara Infantil
500 _aApartir desde niños de 8 años
500 _a
590 _aInventariado, 2026/VM
650 7 _aPoesías infantiles argentinas
700 1 _eilustración
_aO'Kif,
910 _aVmateo V. Control de calidad. BPMSU
942 _2ddc
_cBK
999 _c11809
_d11809